000 01003nam a22002777a 4500
003 DO-SdBNP
005 20220912153159.0
007 ta
008 110301s1957 dr a 000 0 spa d
040 _aDO-SdBNP
_bspa
_cBNPHU
082 4 _axxxx
_bE18s
100 1 _aEcija, Fulgencio M. de
_953018
245 1 0 _aSan Francisco de Asís y la acción católica :
_blecciones de optimo apostolado /
_cFulgencio Ma. de Ecija ; prólogo Ricardo Pittini ; palabras Francisco Panal
260 _aCiudad Trujillo, República Dominicana :
_bTipografía Franciscana,
_c1957.
300 _a458 p. :
_bil.
_c21 cm.
500 _aEn la portada tiene la fecha de 1959.
504 _aBibliografía p: 6-7
590 _aInventariado, 2022/ YL
600 4 _aSan Francisco de Asís
_982348
650 4 _aIglesia católica
_91307
650 4 _aDogma
_927030
700 1 2 _aPittini, Ricardo
_d1876-1961
_eprol.
_982349
700 1 2 _aPanal, Francisco
_d1893-1970
_epalab.
_982350
910 _aYLockward
942 _2ddc
_cLBS1
999 _c52376
_d52376